000 01053nam a2200229 i 4500
001 167466
003 ES-MaACL
005 20250716063324.0
008 990317s1877 sp |||| | spa d
080 _a821.134.2.09
100 1 _aVidart, Luis,
_d1833-1897
_eaut
_9114538
245 1 3 _aLa historia literaria de España :
_b(artículos referentes a lo que debe ser la Biblioteca de autores españoles, publicados en la Revista contemporánea) /
_cLuis Vidart.
260 _aMadrid :
_b[s.n.],
_c1877
_f(Tip. de la Revista Contemporánea)
300 _a86 páginas ;
_c24 cm.
530 _aDisponible en formato digital.
630 0 4 _aBiblioteca de autores españoles
_9171872
852 4 _aES-MaACL
_cDEPOF
_gDedicatoria autógrafa del autor
_hDonativo de Luis Vidart
_jT-318-F-1
_xEnc. en un vol. facticio
_xHolandesa
856 _uhttp://bdh-rd.bne.es/viewer.vm?id=0000109873&page=1
_yVersión en línea
_z(Biblioteca Digital Hispánica)
942 _2udc
_cFOLLETOS
_n0
999 _c167466
_d167466